[Event "II Miedzynarodowy Memorial Ireny Warakomskiej - Open C"]
[Site "Suwalki"]
[Date "2018.08.05"]
[Round "6.9"]
[White "Olszewski, Jan "]
[Black "Kutylo, Konrad "]
[Result "0-1"]
[WhiteTitle ""]
[BlackTitle ""]
[WhiteElo "1394"]
[BlackElo "1470"]

1. e4 e6 2. d4 d5 3. e5 c5 4. c3 Nc6 5. Nf3 Qc7 6. a3 Bd7 7. b4 cxd4 8. cxd4 Rc8
9. Bf4 Nge7 10. Nbd2 Ng6 11. Bg3 Bxb4 12. axb4 Nxb4 13. Rb1 Nc2+ 14. Ke2 Qa5 15.
Ne1 Nxd4+ 16. Ke3 Nf5+ 17. Kf3 Ba4 18. Nb3 Rc3+ 19. Kg4 Qb4+ 20. f4 Ne3+ 0-1

[Event "II Miedzynarodowy Memorial Ireny Warakomskiej - Open C"]
[Site "Suwalki"]
[Date "2018.08.05"]
[Round "6.10"]
[White "Tomicki, Marek "]
[Black "Podlewski, Michal"]
[Result "1/2-1/2"]
[WhiteTitle ""]
[BlackTitle ""]
[WhiteElo "1467"]
[BlackElo "1371"]

1. e4 e6 2. d4 d5 3. exd5 exd5 4. Bd3 Bd6 5. Nf3 Ne7 6. O-O O-O 7. Bg5 f6 8. Bd2
Bf5 9. Bxf5 Nxf5 10. c4 dxc4 11. Qc2 Qd7 12. Qxc4+ Qf7 13. Qd3 Ne7 14. Nc3 Nd5
15. a3 Re8 16. Rfe1 Nc6 17. Qb5 Nxc3 18. bxc3 Rxe1+ 19. Rxe1 Rb8 20. a4 a6 21.
Qf5 Re8 22. Rxe8+ 1/2-1/2

[Event "II Miedzynarodowy Memorial Ireny Warakomskiej - Open C"]
[Site "Suwalki"]
[Date "2018.08.05"]
[Round "6.11"]
[White "Olszewski, Antoni"]
[Black "Kaminski, Lukasz "]
[Result "1-0"]
[WhiteTitle ""]
[BlackTitle ""]
[WhiteElo "1253"]
[BlackElo "1455"]

1. e4 e5 2. Nf3 Nc6 3. Bc4 Bc5 4. c3 d6 5. d4 exd4 6. cxd4 Bb6 7. h3 h6 8. O-O
Nf6 9. Nc3 O-O 10. Bf4 Re8 11. Re1 a6 12. a3 Ne7 13. Qb3 Rf8 14. e5 dxe5 15. Nxe5
Qxd4 16. Bxf7+ Kh7 17. Qc2+ Bf5 18. Qc1 Qxf2+ 19. Kh1 Bd4 20. Re2 Qg1+ 21. Qxg1
Bxg1 22. Rxg1 g5 23. Bh2 Kg7 24. Bb3 c5 25. Nd7 Nc6 26. Nxf6 Kxf6 27. Nd5+ Kg6
28. Ne7+ Nxe7 29. Rxe7 b5 30. Be5 Bd3 31. Be6 Be4 32. Rg7+ Kh5 33. Bg4+ Kh4 34.
Kh2 Rf2 35. Bg3# 1-0

[Event "II Miedzynarodowy Memorial Ireny Warakomskiej - Open C"]
[Site "Suwalki"]
[Date "2018.08.05"]
[Round "6.12"]
[White "Czarniecki, Pawel"]
[Black "Budzisz, Adrian"]
[Result "0-1"]
[WhiteTitle ""]
[BlackTitle ""]
[WhiteElo "1450"]
[BlackElo "1400"]

1. e4 c5 2. Nf3 Nc6 3. d4 cxd4 4. Nxd4 g6 5. Nb3 Bg7 6. Nc3 Nf6 7. Be2 O-O 8. Be3
d6 9. O-O Na5 10. f4 a6 11. Kh1 b5 12. a3 Bb7 13. Nd2 Qc7 14. Bf3 Nc4 15. Nxc4
Qxc4 16. Qd3 Qxd3 17. cxd3 Nd7 18. d4 e5 19. Rfd1 Rfd8 20. Rac1 f5 21. fxe5 dxe5
22. d5 Rac8 23. b4 Rc4 24. Be2 Rcc8 25. Bf3 h6 26. h3 Nf6 27. Bc5 fxe4 28. Nxe4
Nxe4 29. Bxe4 Bf6 30. Rf1 Bg5 31. Rcd1 Kg7 32. Rd3 Rd7 33. Kh2 Be7 34. Rg3 Bg5
35. Rd3 Rcd8 36. Bb6 Rf8 37. Re1 h5 38. Bf3 Re8 39. Be4 Bd8 40. Bc5 Bf6 41. Rg3
g5 42. Rd1 h4 43. Rf3 Red8 44. Rdf1 Rf7 45. Rd1 Rdd7 46. Rfd3 Bd8 47. Be3 Kh6
48. Bf3 Bc7 49. Be4 Bd6 50. Bb6 Rf4 51. Re1 Bb8 52. Kh1 Rdf7 53. Bg1 Bd6 54. Bf3
Rc4 55. Be3 Kg6 56. Bb6 Kh6 57. Kg1 Rff4 58. Be3 Rf7 59. Bd4 Re7 60. Bb2 e4 61.
Rde3 Bxd5 62. Rd1 exf3 63. Rxe7 Bxe7 0-1

[Event "II Miedzynarodowy Memorial Ireny Warakomskiej - Open C"]
[Site "Suwalki"]
[Date "2018.08.05"]
[Round "6.13"]
[White "Karut, Kacper"]
[Black "Kopaczewski, Zbigniew"]
[Result "1-0"]
[WhiteTitle ""]
[BlackTitle ""]
[WhiteElo "1208"]
[BlackElo "1391"]

1. e4 e6 2. d4 d5 3. e5 a6 4. Nf3 c5 5. c3 Nc6 6. a3 Qb6 7. b4 cxd4 8. cxd4 f6
9. Bf4 Be7 10. Nc3 fxe5 11. Bxe5 Nxe5 12. Nxe5 Nf6 13. Na4 Qa7 14. Rc1 a5 15.
Bb5+ Kf8 16. Nc5 b6 17. Nc6 Qc7 18. Nd3 axb4 19. axb4 Qd6 20. Nxe7 Qxe7 21. O-O
g6 22. Qc2 Kg7 23. Qc7 Qxc7 24. Rxc7+ Kh6 25. Rc6 Rb8 26. Ne5 Rf8 27. Rfc1 Ne4
28. f3 Ng5 29. Rc7 Kh5 30. f4 Rxf4 31. Rxc8 Rxc8 32. Rxc8 Rxd4 33. Be2+ Kh6 34.
b5 Ne4 35. Rc6 Rb4 36. h3 Kg5 1-0

[Event "II Miedzynarodowy Memorial Ireny Warakomskiej - Open C"]
[Site "Suwalki"]
[Date "2018.08.05"]
[Round "6.14"]
[White "Ostrowski, Dymitr"]
[Black "Zalega, Maciej "]
[Result "1-0"]
[WhiteTitle ""]
[BlackTitle ""]
[WhiteElo "1379"]
[BlackElo "1375"]

1. d4 Nf6 2. c4 g6 3. Nf3 Bg7 4. Nc3 O-O 5. e3 d6 6. Be2 Nbd7 7. Bd2 e5 8. dxe5
Nxe5 9. O-O Qe7 10. Qb3 Bg4 11. Nxe5 Bxe2 12. Nxg6 fxg6 13. Nxe2 Ne4 14. Rad1
Bh6 15. Qxb7 Nxd2 16. Qd5+ Kh8 17. Qxd2 Rae8 18. Nf4 Qf7 19. Nh3 Qxc4 20. Qd4+
Qxd4 21. Rxd4 Rxe3 22. Rh4 Re2 23. Rxh6 Rxb2 24. Ng5 Rf5 25. h4 Rxa2 26. Rxh7+
Kg8 27. Rxc7 a5 28. f3 a4 29. Rd1 d5 30. Rb1 a3 31. Rb8+ Rf8 32. Rbb7 Re8 33.
Ne6 Rxe6 34. Rb8+ Re8 35. Rxe8# 1-0

[Event "II Miedzynarodowy Memorial Ireny Warakomskiej - Open C"]
[Site "Suwalki"]
[Date "2018.08.05"]
[Round "6.16"]
[White "Szczotka, Matylda"]
[Black "Ulanowski, Marek "]
[Result "1-0"]
[WhiteTitle ""]
[BlackTitle ""]
[WhiteElo "1164"]
[BlackElo "1356"]

1. e4 c5 2. Nf3 e6 3. d3 g6 4. g3 Bg7 5. Bg2 Nc6 6. O-O Qb6 7. c3 Nge7 8. Nbd2
d5 9. Re1 O-O 10. h3 Ne5 11. Nxe5 Bxe5 12. exd5 Bd6 13. Nc4 Qc7 14. dxe6 Bxe6
15. Nxd6 Qxd6 16. Bxb7 Rad8 17. Be4 f5 18. Bg2 Bd5 19. Bg5 Bxg2 20. Bxe7 Qc6 21.
Bxf8 Bh1 22. f3 Bxf3 23. Qd2 Kxf8 24. Qe3 Kg8 25. Kh2 h5 26. Rf1 Bg2 27. Rf2 Bd5
28. c4 Bf7 29. Rd2 h4 30. Rg1 Kg7 31. Qe5+ Kf8 32. Qh8+ Bg8 33. Qxh4 Re8 34. Qf4
Bf7 35. Qh6+ Kg8 36. Rgg2 Rd8 37. Rge2 Rd6 38. Qf4 Kg7 39. Re7 Re6 40. Rxe6 Bxe6
41. Qe5+ Kh7 42. Re2 Bf7 43. Qe7 Kg7 44. Re3 Qa4 45. Qe5+ Kh7 46. Re2 Qxa2 47.
Qf6 Qb3 48. Qxf7+ Kh6 49. Qf8+ Kh7 50. Re7# 1-0

[Event "II Miedzynarodowy Memorial Ireny Warakomskiej - Open C"]
[Site "Suwalki"]
[Date "2018.08.05"]
[Round "6.18"]
[White "Trochimczuk, Szymon"]
[Black "Galaszewski, Karol "]
[Result "1-0"]
[WhiteTitle ""]
[BlackTitle ""]
[WhiteElo "1330"]
[BlackElo "1152"]

1. d4 d5 2. c4 e6 3. Nf3 Nf6 4. Bg5 Nbd7 5. e3 c6 6. Nc3 Bb4 7. a3 Bxc3+ 8. bxc3
O-O 9. cxd5 exd5 10. Bd3 a6 11. O-O b5 12. Qc2 Qc7 13. Bf4 Qd8 14. Ne5 h6 15.
Nxc6 Qe8 16. Bd6 Bb7 17. Bxf8 Qxf8 18. Na5 Qc8 19. Nxb7 Qxb7 20. a4 Rb8 21. axb5
axb5 22. Rfb1 Qc7 23. Rxb5 Rc8 24. h3 Nb6 25. Rc5 Qb7 26. Rxc8+ Qxc8 27. Qb3 Nc4
28. Bxc4 dxc4 29. Qc2 Nd5 30. Ra3 g6 31. Qb2 Nf6 32. Qc2 Qb7 33. f3 Nd5 34. Kf2
Kh7 35. Ra1 Qb6 36. Ra4 Qb5 37. Ra7 Kg7 38. g3 Nf6 39. e4 Qb8 40. Ra1 Qb6 41.
Kg2 Qc7 42. Rd1 Nh5 43. Qf2 Nf6 44. d5 Qe5 45. Qd2 Nh5 46. Qd4 Qxd4 47. Rxd4 Nf6
48. d6 Kf8 49. d7 1-0

[Event "II Miedzynarodowy Memorial Ireny Warakomskiej - Open C"]
[Site "Suwalki"]
[Date "2018.08.05"]
[Round "6.19"]
[White "Bekier, Piotr"]
[Black "Ulanowska, Dorota"]
[Result "1-0"]
[WhiteTitle ""]
[BlackTitle ""]
[WhiteElo "1132"]
[BlackElo "1299"]

1. d4 d5 2. c4 Nf6 3. Nc3 Bg4 4. h3 Bh5 5. Nf3 e6 6. Bg5 Be7 7. e3 h6 8. Bh4 O-O
9. cxd5 Nxd5 10. Bxe7 Qxe7 11. Bd3 Nc6 12. Nxd5 exd5 13. a3 Rfe8 14. O-O Qf6 15.
Be2 b6 16. Rc1 a6 17. Rc3 Ne7 18. Rxc7 b5 19. Qc2 Rac8 20. Rxc8 Rxc8 21. Qd2 Qe6
22. Rc1 Bg6 23. Ne5 Bh7 24. Nd3 Bf5 25. Rxc8+ Qxc8 26. Nc5 Qc6 27. Qa5 Bc8 28.
Qd8+ Kh7 29. Qxe7 Qg6 30. Bd3 1-0

[Event "II Miedzynarodowy Memorial Ireny Warakomskiej - Open C"]
[Site "Suwalki"]
[Date "2018.08.05"]
[Round "6.20"]
[White "Murawski, Milosz "]
[Black "Bednarski, Pawel "]
[Result "1-0"]
[WhiteTitle ""]
[BlackTitle ""]
[WhiteElo "1288"]
[BlackElo "1167"]

1. d4 e6 2. c4 d5 3. Nc3 Nf6 4. Bg5 Be7 5. e3 O-O 6. Nf3 h6 7. Bh4 Nh7 8. Bxe7
Qxe7 9. Be2 Ng5 10. cxd5 exd5 11. Nxd5 Qd6 12. Nc3 Nxf3+ 13. Bxf3 Qb6 14. Qc2
Be6 15. O-O c5 16. Na4 Qc7 17. Qxc5 Qxc5 18. Nxc5 Nd7 19. Nxd7 Bxd7 20. Rac1 Rab8
21. b3 Rfc8 22. h3 b6 23. Bg4 f5 24. Bf3 Kf7 25. Kh2 Bb5 26. Bd5+ Ke7 27. Bc4
Bd7 28. Ba6 Rxc1 29. Rxc1 Kd6 30. Bd3 Rf8 31. f4 g5 32. Kg3 Re8 33. Kf2 a5 34.
a4 Be6 35. Bb5 Rc8 36. Rxc8 Bxc8 37. Bc4 Ke7 38. Bd3 Kf6 39. d5 h5 40. fxg5+ Kxg5
41. Bb5 Kf6 42. Bc6 Ke5 43. Kf3 h4 44. g3 hxg3 45. Kxg3 Kd6 46. Kf4 Ba6 47. h4
Be2 48. Kxf5 Bd3+ 49. Kf4 Bc2 50. e4 Bxb3 51. h5 Bd1 52. h6 Bh5 53. h7 Kc5 54.
h8=Q Be2 55. Qc3+ Kd6 56. e5+ Ke7 57. d6+ Kd8 58. e6 Ba6 59. e7+ Kc8 60. e8=R#
1-0

[Event "II Miedzynarodowy Memorial Ireny Warakomskiej - Open C"]
[Site "Suwalki"]
[Date "2018.08.05"]
[Round "6.22"]
[White "Burak, Vyacheslav"]
[Black "Zajac, Robert"]
[Result "1-0"]
[WhiteTitle ""]
[BlackTitle ""]
[WhiteElo "1236"]
[BlackElo "1248"]

1. c4 c5 2. Nc3 Nf6 3. g3 Nc6 4. Bg2 e6 5. e3 Be7 6. Nge2 d5 7. cxd5 exd5 8. d4
c4 9. Nf4 Bb4 10. O-O Ne7 11. Qa4+ Nc6 12. Ncxd5 Qa5 13. Nxf6+ gxf6 14. Bxc6+
Kf8 15. Qxa5 Bxa5 16. Bd5 c3 17. bxc3 Bxc3 18. Rb1 Ke7 19. Ba3+ Ke8 20. Bxb7 Bxb7
21. Rxb7 h5 22. Nd5 Ba5 23. Nxf6+ Kd8 24. Rd7+ Kc8 25. Rc1+ Kb8 26. Bd6+ Bc7 27.
Rdxc7 Rc8 28. Rb1# 1-0

[Event "II Miedzynarodowy Memorial Ireny Warakomskiej - Open C"]
[Site "Suwalki"]
[Date "2018.08.05"]
[Round "6.23"]
[White "Bednarska, Julita"]
[Black "Gladyszewski, Adam "]
[Result "1-0"]
[WhiteTitle ""]
[BlackTitle ""]
[WhiteElo "1190"]
[BlackElo "1220"]

1. e4 c5 2. Nf3 Nc6 3. d4 cxd4 4. Nxd4 d6 5. Nc3 Nf6 6. Be2 a6 7. Be3 g6 8. O-O
Bg7 9. Nb3 O-O 10. f4 b5 11. a3 Bb7 12. Bf3 Qc7 13. Kh1 Rad8 14. Qe1 Rfe8 15.
Rd1 Bc8 16. Qg3 Be6 17. Nd4 Nxd4 18. Bxd4 Qb8 19. Qf2 Bg4 20. Bxg4 Nxg4 21. Qh4
Bxd4 22. Rxd4 Ne3 23. Rf3 Qa7 24. Rd3 Nxc2 25. Rh3 e6 26. Qxh7+ Kf8 27. Qh6+ Ke7
28. Qg5+ Kd7 29. Qg3 Rh8 30. Rxh8 Rxh8 31. f5 Nd4 32. fxe6+ Nxe6 33. Qxd6+ Kc8
34. Nd5 Kb7 35. Rc3 Rc8 36. Qd7+ Rc7 37. Rxc7+ Nxc7 38. Qxc7+ Ka8 39. Nb6+ Qxb6
40. Qxb6 1-0

[Event "II Miedzynarodowy Memorial Ireny Warakomskiej - Open C"]
[Site "Suwalki"]
[Date "2018.08.05"]
[Round "6.25"]
[White "Gres, Rafal"]
[Black "Wysocka, Edyta "]
[Result "1-0"]
[WhiteTitle ""]
[BlackTitle ""]
[WhiteElo "1149"]
[BlackElo "1214"]

1. e4 e5 2. Nf3 Nc6 3. Bc4 Bc5 4. b4 Bxb4 5. c3 Ba5 6. Qb3 Qe7 7. d3 h6 8. O-O
Nf6 9. Nh4 d6 10. f4 Bb6+ 11. Kh1 Ng4 12. h3 Na5 13. Bxf7+ Kd8 14. Ng6 Nxb3 15.
Nxe7 Kxe7 16. Bxb3 Nf2+ 17. Kh2 Nxd3 18. fxe5 Nxe5 19. Nd2 Be6 20. Bb2 Nd3 21.
Ba3 Bc5 22. Bxc5 Nxc5 23. Bc2 Rhf8 24. Nf3 Bc4 25. Rfe1 Bd3 26. Rac1 Kd7 27. Ne5+
dxe5 28. Rcd1 Ke6 29. Bxd3 Nxd3 30. Rxd3 Rad8 31. Rg3 Rf7 32. Rg6+ Ke7 33. Rb1
b6 34. Rc6 Ke8 35. Rb5 Re7 36. a4 Rd6 37. Rc4 c5 38. a5 Rb7 39. Rcxc5 Re6 40.
Rxe5 Rxe5 41. Rxe5+ Re7 42. Rxe7+ Kxe7 43. axb6 axb6 44. Kg3 Ke6 45. Kf3 Ke5 46.
g3 b5 47. h4 g5 48. hxg5 hxg5 49. Ke3 g4 50. Kd3 Ke6 51. Kd4 Kd6 52. e5+ Ke6 53.
Ke4 Ke7 54. Kf5 Kf7 55. Kxg4 Ke6 56. Kf4 b4 57. cxb4 Kf7 58. b5 Kg6 59. b6 Kh5
60. b7 1-0

[Event "II Miedzynarodowy Memorial Ireny Warakomskiej - Open C"]
[Site "Suwalki"]
[Date "2018.08.05"]
[Round "6.26"]
[White "Matczynski, Mariusz"]
[Black "Gladyszewska, Kinga"]
[Result "0-1"]
[WhiteTitle ""]
[BlackTitle ""]
[WhiteElo "1208"]
[BlackElo "1080"]

1. e4 e5 2. Nf3 Nc6 3. Bc4 Bc5 4. d3 h6 5. O-O Nf6 6. Nc3 d6 7. h3 O-O 8. Be3 Bb6
9. Re1 Be6 10. Bb3 Qd7 11. d4 exd4 12. Nxd4 Nxd4 13. Bxd4 Bxd4 14. Qxd4 Bxb3 15.
axb3 a6 16. Rad1 Rad8 17. Qb4 Qc8 18. Qc4 Rfe8 19. Nd5 Nxd5 20. Qxd5 Re5 21. Qd3
Rde8 22. f4 R5e7 23. Qd5 Qa8 24. Kh1 Qa7 25. Qd4 Qxd4 26. Rxd4 f5 27. Kg1 Rxe4
28. Rexe4 Rxe4 29. Rxe4 fxe4 30. Kf2 Kf7 31. Ke3 d5 32. g4 Ke6 33. b4 b6 34. h4
g6 35. b3 c6 36. c3 b5 37. Kd4 Kd6 38. Ke3 Ke6 39. Kd4 Kf6 40. g5+ hxg5 41. hxg5+
Kf5 42. Ke3 Kg4 43. f5 Kxf5 44. Kd4 Kxg5 0-1

[Event "II Miedzynarodowy Memorial Ireny Warakomskiej - Open C"]
[Site "Suwalki"]
[Date "2018.08.05"]
[Round "6.27"]
[White "Oglaza, Dawid"]
[Black "Lamch, Michal"]
[Result "1-0"]
[WhiteTitle ""]
[BlackTitle ""]
[WhiteElo "1133"]
[BlackElo "1148"]

1. e4 e5 2. Nf3 Nc6 3. Bc4 Bc5 4. Nc3 Nf6 5. d3 h6 6. O-O d6 7. h3 O-O 8. Bd2 a6
9. Nd5 Na5 10. Nxf6+ Qxf6 11. Bxa5 c6 12. Bd2 a5 13. a3 b5 14. Ba2 Bb7 15. c3
d5 16. exd5 cxd5 17. Be3 Be7 18. Re1 e4 19. Nd4 Qg6 20. Qg4 Qf6 21. Nf5 Bc8 22.
Nxe7+ Qxe7 23. Qg3 Qf6 24. Bd4 Qg5 25. Qxg5 hxg5 26. Bxd5 1-0

[Event "II Miedzynarodowy Memorial Ireny Warakomskiej - Open C"]
[Site "Suwalki"]
[Date "2018.08.05"]
[Round "6.29"]
[White "Czarniecka, Anna "]
[Black "Wiech, Andrzej "]
[Result "1-0"]
[WhiteTitle ""]
[BlackTitle ""]
[WhiteElo "1090"]
[BlackElo "1064"]

1. e4 e5 2. Nf3 Nf6 3. Nc3 b6 4. Nxe5 Bc5 5. Bc4 d5 6. Nxd5 Be6 7. d4 Nxd5 8. exd5
Bxd5 9. dxc5 c6 10. Bxd5 cxd5 11. Qe2 O-O 12. Qd3 Qe7 13. Qxd5 Nd7 14. O-O Nf6
15. Qd4 Rad8 16. Qc3 Rd5 17. Nf3 Rxc5 18. Qb3 Qc7 19. c3 Rh5 20. h3 g5 21. Bxg5
Rxg5 22. Nxg5 Qf4 23. Nf3 Ne4 24. Qa4 f5 25. Qc4+ Kg7 26. Rad1 Rf7 27. Rd8 Qe5
28. Nxe5 1-0

[Event "II Miedzynarodowy Memorial Ireny Warakomskiej - Open C"]
[Site "Suwalki"]
[Date "2018.08.08"]
[Round "9.1"]
[White "Mecelica, Erikas "]
[Black "Ostrowski, Dymitr"]
[Result "1/2-1/2"]
[WhiteTitle ""]
[BlackTitle ""]
[WhiteElo "1560"]
[BlackElo "1379"]

1. e4 d6 2. d4 Nf6 3. Nc3 g6 4. Nf3 Bg4 5. Be2 Bg7 6. Be3 Nbd7 7. O-O Bxf3 8. Bxf3
e5 9. d5 a6 10. g3 O-O 11. Bg2 Qe7 12. Qd2 Ng4 13. Bg5 f6 14. Bh3 Nxh2 15. Kxh2
fxg5 16. Be6+ Kh8 17. Bxd7 Qxd7 18. Qxg5 Bf6 19. Qh6 Qg4 20. f3 Qg5 21. Qxg5 Bxg5
22. Kg2 Rf7 23. Rh1 Raf8 24. Raf1 Bd2 25. Ne2 Kg7 26. g4 c6 27. Ng3 Bf4 28. dxc6
bxc6 29. Ne2 Be3 30. b3 d5 31. exd5 cxd5 32. c3 Rc7 33. Rd1 d4 34. Rd3 Rcf7 1/2-1/2

[Event "II Miedzynarodowy Memorial Ireny Warakomskiej - Open C"]
[Site "Suwalki"]
[Date "2018.08.08"]
[Round "9.2"]
[White "Hancharevich, Heorhi "]
[Black "Seredyn, Dominik "]
[Result "1/2-1/2"]
[WhiteTitle ""]
[BlackTitle ""]
[WhiteElo "1369"]
[BlackElo "1543"]

1. e4 c5 2. Nc3 Nc6 3. Nf3 Nf6 4. d4 cxd4 5. Nxd4 g6 6. f4 d6 7. Bc4 Bg7 8. Nxc6
bxc6 9. e5 Ng8 10. O-O Nh6 11. exd6 Qxd6 12. Qxd6 exd6 13. Re1+ Kd8 14. Be3 Re8
15. Rad1 Bxc3 16. bxc3 Nf5 17. Bf2 Rxe1+ 18. Rxe1 d5 19. Bd3 Be6 20. Rb1 Kc7 21.
g4 Nd6 22. h3 f5 23. g5 Ne4 24. Bd4 Nd2 25. Be5+ Kd8 26. Rb7 Nf3+ 27. Kf2 Nxe5
28. fxe5 Bd7 29. e6 Bxe6 30. Rxh7 Rb8 31. Rxa7 Bd7 32. Ke3 Ke7 33. c4 Kd6 34.
cxd5 cxd5 35. Ra6+ Ke5 36. Rxg6 f4+ 37. Kf3 Bxh3 38. Rh6 Bf5 39. Bxf5 Kxf5 40.
Rf6+ Kxg5 41. Rxf4 Rb2 42. Rd4 Rxa2 43. Rxd5+ Kf6 1/2-1/2

[Event "II Miedzynarodowy Memorial Ireny Warakomskiej - Open C"]
[Site "Suwalki"]
[Date "2018.08.08"]
[Round "9.3"]
[White "Murawski, Milosz "]
[Black "Ingielewicz, Konrad"]
[Result "0-1"]
[WhiteTitle ""]
[BlackTitle ""]
[WhiteElo "1288"]
[BlackElo "1539"]

1. d4 Nf6 2. Nf3 g6 3. c4 Bg7 4. Nc3 d6 5. Bf4 O-O 6. e4 Nbd7 7. Be2 c5 8. dxc5
Nxc5 9. Qc2 a5 10. O-O Nh5 11. Be3 f5 12. Bxc5 dxc5 13. Rad1 Qe8 14. Nd5 Rb8 15.
Nc7 Qc6 16. Nd5 Qe8 17. Nc7 Qf7 18. e5 e6 19. Nb5 Bd7 20. Nd6 Qe7 21. Qd2 Bc6
22. Qxa5 Nf4 23. Qd2 Bh6 24. Qc2 g5 25. a3 g4 26. Ne1 Qg7 27. f3 Qxe5 28. Rf2
Rbd8 29. Nb5 Qg7 30. fxg4 fxg4 31. Rxd8 Rxd8 32. b4 Nh3+ 33. gxh3 gxh3+ 34. Kf1
Be3 35. Qb3 Bxf2 36. Kxf2 Rf8+ 37. Bf3 Bxf3 38. Nxf3 Qg2+ 0-1

[Event "II Miedzynarodowy Memorial Ireny Warakomskiej - Open C"]
[Site "Suwalki"]
[Date "2018.08.08"]
[Round "9.5"]
[White "Kaliszuk, Kamil"]
[Black "Rog, Mateusz "]
[Result "1-0"]
[WhiteTitle ""]
[BlackTitle ""]
[WhiteElo "1479"]
[BlackElo "1510"]

1. c4 e6 2. g3 d5 3. Bg2 Nf6 4. Nf3 d4 5. d3 c5 6. O-O Nc6 7. Bf4 Bd6 8. Bxd6 Qxd6
9. Nbd2 O-O 10. a3 Bd7 11. Rb1 e5 12. b4 Rab8 13. Qc1 cxb4 14. axb4 b5 15. c5
Qe7 16. Re1 Nd5 17. Nxd4 Ndxb4 18. Nxc6 Nxc6 19. e3 a5 20. d4 Nb4 21. Qc3 Rfc8
22. Ne4 f5 23. Nd6 Qxd6 24. Qxb4 axb4 25. cxd6 e4 26. Rxb4 Rb6 27. Bf1 Kf8 28.
Reb1 Rcb8 29. Be2 Rxd6 30. Bxb5 Rdb6 31. Bxd7 Rxb4 32. Rxb4 Rxb4 33. Bxf5 g6 34.
Bxe4 Kf7 35. Kg2 h5 36. h4 Kf6 37. Kf3 Rb2 38. Bd5 Rd2 39. Bc4 Rb2 40. Bd5 Rd2
41. Bc6 Rc2 42. d5 Rd2 43. e4 Rc2 44. Ke3 Rc3+ 45. Kf4 Rc4 46. f3 Rb4 47. g4 hxg4
48. fxg4 Rc4 49. Be8 Rb4 50. g5+ Kg7 51. Ke5 Rb8 52. Bc6 Rh8 53. Ke6 Rxh4 54.
d6 Rh5 55. Ke7 Rh8 56. Be8 Rh4 57. e5 Rg4 1-0

[Event "II Miedzynarodowy Memorial Ireny Warakomskiej - Open C"]
[Site "Suwalki"]
[Date "2018.08.08"]
[Round "9.6"]
[White "Volkov, Aleksandr"]
[Black "Karut, Kacper"]
[Result "1-0"]
[WhiteTitle ""]
[BlackTitle ""]
[WhiteElo "1506"]
[BlackElo "1208"]

1. e4 c5 2. Nc3 e6 3. Bc4 a6 4. a3 b5 5. Ba2 Bb7 6. d3 g6 7. Nf3 Bg7 8. Bg5 Ne7
9. e5 Nbc6 10. Qe2 Qc7 11. Bf6 Bxf6 12. exf6 Nf5 13. Ne4 Nfd4 14. Qd2 Nxf3+ 15.
gxf3 Nd4 16. O-O-O Nxf3 17. Qh6 O-O-O 18. Qe3 Nd4 19. c3 Nf5 20. Qxc5 Qxc5 21.
Nxc5 Bxh1 22. Rxh1 a5 23. Re1 Kc7 24. b4 a4 25. c4 d6 26. Ne4 bxc4 27. dxc4 d5
28. cxd5 exd5 29. Nc5 Kd6 30. Nb7+ Kc6 31. Nxd8+ Rxd8 32. Kb2 Kd6 33. Bb1 Nd4
34. Re7 Rd7 35. Re8 Nc6 36. Bd3 Ne5 37. Bb5 Ra7 38. h3 h5 39. f4 Nf3 40. Kc3 Rc7+
41. Kd3 Ra7 42. Re3 Nh4 43. Re8 Nf3 44. Rc8 Ke6 45. Rc6+ Kf5 46. Ke3 Nh4 47. Bd3#
1-0

[Event "II Miedzynarodowy Memorial Ireny Warakomskiej - Open C"]
[Site "Suwalki"]
[Date "2018.08.08"]
[Round "9.7"]
[White "Wydornik, Robert "]
[Black "Czarnomski, Dominik"]
[Result "0-1"]
[WhiteTitle ""]
[BlackTitle ""]
[WhiteElo "1373"]
[BlackElo "1493"]

1. e4 g6 2. d4 Bg7 3. Nf3 d6 4. Be2 Nd7 5. Nc3 a6 6. Bf4 b5 7. a3 Bb7 8. O-O Ngf6
9. e5 Nh5 10. Qd2 Nxf4 11. Qxf4 O-O 12. Rad1 Nb6 13. h4 Nc4 14. Qc1 Rc8 15. Rfe1
c5 16. dxc5 Rxc5 17. b3 Nxe5 18. Nxe5 Bxe5 19. Na2 e6 20. g3 Qc7 21. Rd2 Qc6 22.
f3 Bxg3 23. Nb4 Qb6 24. Kg2 Bxh4 25. Rf1 Bg5 26. Rh1 Re5 27. Qd1 Bxd2 28. Qxd2
Qe3 29. Qxe3 Rxe3 30. Kf2 Rc3 31. a4 a5 32. Nd3 bxa4 33. bxa4 Rxc2 34. Rb1 Bd5
35. Rb6 Bc4 36. Rxd6 Bxd3 37. Rxd3 Rb8 38. Ke3 Rxe2+ 39. Kxe2 Rb4 40. Ra3 h5 41.
Kf2 Kg7 42. Kg3 g5 43. Kh3 f5 44. Kg3 Kg6 45. Kh3 f4 46. Kg2 g4 47. Ra1 Kf5 48.
fxg4+ hxg4 49. Ra2 e5 50. Ra1 g3 51. Rc1 0-1

[Event "II Miedzynarodowy Memorial Ireny Warakomskiej - Open C"]
[Site "Suwalki"]
[Date "2018.08.08"]
[Round "9.8"]
[White "Tarawski, Adrian "]
[Black "Kieca, Aleksandra"]
[Result "0-1"]
[WhiteTitle ""]
[BlackTitle ""]
[WhiteElo "1278"]
[BlackElo "1477"]

1. e4 c5 2. c3 d5 3. exd5 Qxd5 4. d4 Nc6 5. Be3 cxd4 6. cxd4 Bf5 7. Nc3 Qd8 8.
Nf3 e6 9. Bb5 Rc8 10. O-O Bd6 11. d5 exd5 12. Bxa7 Nf6 13. Re1+ Be7 14. Bc5 Be6
15. Bxe7 Qxe7 16. Ng5 O-O 17. Qd3 Nb4 18. Qe2 d4 19. Nxe6 Qxe6 20. Qxe6 fxe6 21.
Bd7 Nxd7 0-1

[Event "II Miedzynarodowy Memorial Ireny Warakomskiej - Open C"]
[Site "Suwalki"]
[Date "2018.08.08"]
[Round "9.9"]
[White "Kutylo, Konrad "]
[Black "Szczotka, Matylda"]
[Result "1-0"]
[WhiteTitle ""]
[BlackTitle ""]
[WhiteElo "1470"]
[BlackElo "1164"]

1. d4 f5 2. c4 Nf6 3. Nc3 g6 4. Nf3 Bg7 5. g3 O-O 6. Bg2 d6 7. b3 c6 8. O-O Na6
9. Bb2 e6 10. Re1 Nc7 11. Qc2 Qe7 12. Ba3 Rd8 13. Rad1 h6 14. e4 fxe4 15. Nxe4
Nxe4 16. Qxe4 g5 17. Ne5 Qe8 18. Nf3 d5 19. Qc2 Qf7 20. Ne5 Bxe5 21. dxe5 Re8
22. Bd6 Rd8 23. Re3 Qh7 24. Qxh7+ Kxh7 25. Bxc7 Rd7 26. Bd6 dxc4 27. bxc4 g4 28.
Re4 h5 29. Rf4 Kg8 30. Rf6 Rg7 31. Rf8+ Kh7 32. Be4+ Kh6 33. Rh8+ Kg5 34. Kg2
a6 35. h4+ gxh3+ 36. Kxh3 h4 37. f4# 1-0

[Event "II Miedzynarodowy Memorial Ireny Warakomskiej - Open C"]
[Site "Suwalki"]
[Date "2018.08.08"]
[Round "9.10"]
[White "Tomicki, Marek "]
[Black "Czarniecki, Pawel"]
[Result "1-0"]
[WhiteTitle ""]
[BlackTitle ""]
[WhiteElo "1467"]
[BlackElo "1450"]

1. d4 d5 2. c4 e6 3. e3 Nf6 4. Nf3 Nbd7 5. Nc3 c6 6. cxd5 exd5 7. Bd3 Bd6 8. O-O
O-O 9. Re1 Re8 10. e4 dxe4 11. Nxe4 Nxe4 12. Bxe4 h6 13. Bd2 Nf6 14. Bd3 Bg4 15.
Rxe8+ Qxe8 16. h3 Bh5 17. g4 Bg6 18. Bxg6 fxg6 19. g5 hxg5 20. Nxg5 Nd5 21. Qg4
Nf6 22. Qh4 Qe2 23. Bc3 Qh5 24. Qxh5 gxh5 25. Re1 Re8 26. Rxe8+ Nxe8 27. Kg2 Kf8
28. Kf3 Ke7 29. Ke4 g6 30. d5 cxd5+ 31. Kxd5 Nc7+ 32. Ke4 Bc5 33. f3 Nb5 34. Be5
Bd6 35. Bh8 Nc7 36. Bg7 Na6 37. Bc3 Nc7 38. Bh8 Na8 39. Bd4 a6 40. f4 Nc7 41.
f5 gxf5+ 42. Kxf5 Nd5 43. Ne6 b6 44. a4 a5 45. Ng5 h4 46. Nf3 Nb4 47. Bxb6 Nd3
48. Bd4 Nf4 49. Kg4 Kd7 50. Nxh4 Nxh3 51. Kxh3 Kc6 52. Bc3 Bc7 53. Nf5 Kc5 54.
b3 Kd5 55. Ne3+ Kc6 56. Nc4 Bd8 57. Nxa5+ Kb6 58. Nc4+ Ka6 59. Kg4 Be7 60. Kf5
Bc5 61. Ke6 Ba7 62. Kd7 Bc5 63. Kc6 Be7 64. Bd2 Bf6 65. b4 Ka7 66. b5 Kb8 67.
a5 Bd8 68. b6 Ka8 69. b7+ Ka7 70. Be3+ Bb6 71. axb6+ Ka6 72. b8=N# 1-0

[Event "II Miedzynarodowy Memorial Ireny Warakomskiej - Open C"]
[Site "Suwalki"]
[Date "2018.08.08"]
[Round "9.11"]
[White "Kaminski, Lukasz "]
[Black "Matczynski, Mariusz"]
[Result "1/2-1/2"]
[WhiteTitle ""]
[BlackTitle ""]
[WhiteElo "1455"]
[BlackElo "1208"]

1. e4 c5 2. Nf3 d6 3. Nc3 Nc6 4. Bb5 Bd7 5. O-O Nf6 6. Re1 a6 7. Bf1 e6 8. d4 cxd4
9. Nxd4 Be7 10. b3 Qb6 11. Nf3 O-O 12. Bb2 Rfd8 13. h3 d5 14. exd5 exd5 15. Ne5
Nxe5 16. Rxe5 Bc5 17. Nxd5 Nxd5 18. Rxd5 Bxf2+ 19. Kh1 Be6 20. Rxd8+ Rxd8 21.
Qe2 Bd4 22. c3 Be3 23. Rd1 Rxd1 24. Qxd1 h6 25. Bd3 Qc6 26. Qe2 Bf4 27. Be4 Qc7
28. c4 Qd7 1/2-1/2